[Event "Game 4"]
[Site "Sweden"]
[Date "2002.10.13"]
[Round "3"]
[White "Timman, Jan H"]
[Black "Wedberg, Tom"]
[Result "1-0"]
[WhiteElo "2594"]
[BlackElo "2530"]
[PlyCount "73"]
[EventDate "2002.10.11"]
[EventType "team"]
[EventRounds "9"]
[EventCountry "SWE"]
[Source "ChessBase"]
[SourceDate "2002.11.07"]

1. e4 e5 2. Nf3 Nc6 3. Bb5 a6 4. Ba4 Nf6 5. O-O Be7 6. Re1 b5 7. Bb3 d6 8. c3
O-O 9. h3 Na5 10. Bc2 c5 11. d4 Nc6 12. d5 Na5 13. Nbd2 g6 14. b3 Bd7 15. Nf1
Nh5 16. Bh6 Re8 17. Qd2 Bf6 18. Rac1 Bg7 19. Bg5 f6 20. Be3 f5 21. exf5 gxf5
22. Qd1 Nf6 23. Bg5 h6 24. Bh4 Qc7 25. Ng3 e4 26. Nd2 Nxd5 27. Ndxe4 Qc6 28. c4
bxc4 29. bxc4 Nxc4 30. Ba4 Qxa4 31. Qxd5+ Kh8 32. Nf6 Nb6 33. Qf7 Rxe1+ 34.
Rxe1 Qxh4 35. Ngh5 Qg5 36. Re7 Rf8 37. Qxf8+ 1-0